[Event "41st Olympiad Women 2014"]
[Site "Tromso NOR"]
[Date "2014.08.02"]
[Round "1.34"]
[Board "4"]
[White "Deur Saric, Zrinka"]
[Black "Kigeni, Grace"]
[Result "1-0"]
[WhiteTitle "WFM"]
[WhiteElo "2113"]
[BlackElo "1676"]
[WhiteTeam "Croatia"]
[BlackTeam "Uganda"]
[WhiteFideId "14512670"]
[BlackFideId "10000313"]
[EventDate "2014.08.02"]

1. e4 c5 2. Nf3 e6 3. d4 cxd4 4. Nxd4 a6 5. Bd3 Qb6 6. Nb3 Qc7 7. Qe2 d6 8. Be3
Nf6 9. c4 Nbd7 10. f4 b6 11. Nc3 Bb7 12. O-O Be7 13. Rae1 O-O 14. h3 Bc6 15. Bd2
e5 16. Nd5 Nxd5 17. exd5 Bb7 18. Bc3 Bf6 19. Qe4 g6 20. f5 Bg7 21. Bd2 Qd8 22.
Rf2 a5 23. a4 Rc8 24. Qe2 Bf6 25. Ref1 Ba6 26. Bh6 Re8 27. fxg6 fxg6 28. Qe4 Qe7
29. Nd2 Bb7 30. Kh1 Ba6 31. Qg4 e4 32. Nxe4 Ne5 33. Nxf6+ Kh8 34. Nxe8 Nxg4 35.
Rf8+ 1-0

[Event "41st Olympiad Women 2014"]
[Site "Tromso NOR"]
[Date "2014.08.02"]
[Round "1.35"]
[Board "1"]
[White "Zaksaite, Salomeja"]
[Black "Smith, Javanna"]
[Result "1-0"]
[WhiteTitle "WIM"]
[BlackTitle "WCM"]
[WhiteElo "2170"]
[BlackElo "1747"]
[WhiteTeam "Lithuania"]
[BlackTeam "Trinidad & Tobago"]
[WhiteFideId "12801496"]
[BlackFideId "7700466"]
[EventDate "2014.08.02"]

1. e4 c5 2. Nf3 d6 3. d4 cxd4 4. Nxd4 Nf6 5. Nc3 a6 6. Bc4 e6 7. O-O Be7 8. Bb3
O-O 9. Be3 Qc7 10. f3 Nc6 11. g4 Nxd4 12. Bxd4 b5 13. Ne2 Bb7 14. c3 Nd7 15. Ng3
Rac8 16. Qe2 Nc5 17. Bc2 h6 18. Rad1 Nd7 19. Bb1 Bf6 20. Be3 d5 21. Qc2 dxe4 22.
Nxe4 g6 23. Rxd7 Bxe4 24. Rxc7 Bxc2 25. Rxc8 Rxc8 26. Bxc2 b4 27. Bxh6 bxc3 28.
b3 Bd4+ 29. Kg2 Kh7 30. Bc1 f5 31. Rd1 Bc5 32. Rd7+ Kg8 33. h4 Bb6 34. Rd6 1-0

[Event "41st Olympiad Women 2014"]
[Site "Tromso NOR"]
[Date "2014.08.02"]
[Round "1.35"]
[Board "2"]
[White "Soondarsingh, Aditi"]
[Black "Domarkaite, Laima"]
[Result "1/2-1/2"]
[WhiteTitle "WCM"]
[BlackTitle "WFM"]
[WhiteElo "1747"]
[BlackElo "2160"]
[WhiteTeam "Trinidad & Tobago"]
[BlackTeam "Lithuania"]
[WhiteFideId "7700598"]
[BlackFideId "12800341"]
[EventDate "2014.08.02"]

1. e4 c5 2. d4 cxd4 3. c3 dxc3 4. Nxc3 Nc6 5. Nf3 d6 6. Bc4 a6 7. O-O Nf6 8. h3
e6 9. Qe2 Qc7 10. Bb3 Be7 11. Rd1 O-O 12. Bf4 Ne5 13. Bxe5 dxe5 14. Rac1 Qa5 15.
Qe3 Nd7 16. a3 Rd8 17. Ba2 Nf8 18. Rxd8 Bxd8 19. Rd1 Bd7 20. Ne2 Rc8 21. b4 Qc7
22. Rc1 Qd6 23. Rxc8 Bxc8 24. Nc3 Bd7 25. Nd2 Qd4 26. Qxd4 exd4 27. Ne2 Bb6 28.
Nc4 Ba7 29. Nf4 Ba4 30. Bb1 Nd7 31. Kf1 Bb5 32. Bd3 g5 33. Nh5 Kf8 34. Ke2 Bxc4
35. Bxc4 Ne5 36. Bd3 Ke7 37. Ng3 Ng6 38. Kd2 Nf4 39. Bf1 Kd6 40. Ne2 Ke5 41.
Nxf4 Kxf4 42. Kd3 h5 43. Be2 h4 44. Bh5 f6 45. Bf7 Ke5 46. Bg8 Bb8 47. Bf7 Bd6
48. Be8 b6 49. Bc6 a5 50. bxa5 bxa5 51. a4 Bb4 52. Bb7 Be1 53. Ke2 Bc3 54. Kd3
Kf4 55. Bc6 f5 56. exf5 Kxf5 57. Bd7 Ke5 58. Bc6 Kf4 59. Bf3 e5 60. Bd5 Be1 61.
Ke2 Bb4 62. Kd3 Be1 63. Ke2 Bb4 64. Kd3 Be1 1/2-1/2

[Event "41st Olympiad Women 2014"]
[Site "Tromso NOR"]
[Date "2014.08.02"]
[Round "1.35"]
[Board "3"]
[White "Batkovskyte, Dominyka"]
[Black "Johnson, Gabriella"]
[Result "1-0"]
[WhiteElo "2117"]
[BlackElo "1634"]
[WhiteTeam "Lithuania"]
[BlackTeam "Trinidad & Tobago"]
[WhiteFideId "12803243"]
[BlackFideId "7701128"]
[EventDate "2014.08.02"]

1. d4 d5 2. c4 c6 3. e3 Nf6 4. Nc3 e6 5. Nf3 Nbd7 6. Bd3 dxc4 7. Bxc4 b5 8. Be2
a6 9. e4 Bb7 10. O-O Nb6 11. Bg5 h6 12. Bh4 Be7 13. e5 Nfd5 14. Bxe7 Qxe7 15.
Ne4 O-O 16. Nfd2 Rfd8 17. Nd6 Nc8 18. N2e4 Ra7 19. Rc1 Ba8 20. Nxc8 Rxc8 21. Bd3
Rac7 22. Bb1 Nf4 23. Qg4 Ng6 24. Nd6 Rd8 25. Nxf7 Qxf7 26. Bxg6 Qe7 27. Rc3 Rcd7
28. Bc2 Rxd4 29. Qg6 Kf8 30. Rf3+ Rf4 31. Rxf4+ Kg8 32. Qh7# 1-0

[Event "41st Olympiad Women 2014"]
[Site "Tromso NOR"]
[Date "2014.08.02"]
[Round "1.35"]
[Board "4"]
[White "Walcott, Della-Marie"]
[Black "Vanagaite, Giedre"]
[Result "0-1"]
[WhiteElo "1362"]
[BlackElo "2032"]
[WhiteTeam "Trinidad & Tobago"]
[BlackTeam "Lithuania"]
[WhiteFideId "7701608"]
[BlackFideId "12800546"]
[EventDate "2014.08.02"]

1. e4 c5 2. d4 cxd4 3. c3 d5 4. exd5 Qxd5 5. cxd4 Nf6 6. Nc3 Qa5 7. Qd3 Bf5 8.
Qb5+ Qxb5 9. Nxb5 Na6 10. Bf4 Nd5 11. a3 Nxf4 12. g3 Nd3+ 13. Bxd3 Bxd3 14. Nc3
e6 15. Nf3 Be7 16. Rd1 Bc4 17. Ne5 Bd5 18. Nxd5 exd5 19. O-O O-O 20. Rfe1 Rfe8
21. Kg2 Rac8 22. Re2 Bd6 23. Kf1 f6 24. Nf3 Rxe2 25. Kxe2 Rc2+ 26. Kf1 Rxb2 27.
Kg2 Bxa3 28. Rd3 Bd6 29. Rc3 Nc7 30. Nh4 g6 31. Rf3 Kf7 32. Rd3 a5 33. Rd1 a4
34. Ra1 a3 35. Nf3 Bb4 36. Ng1 a2 37. Kf3 Bc3 38. Kg4 Rxf2 39. Rc1 a1=Q 40. Rxa1
Bxa1 41. Kh3 Ne6 42. Kg4 h5+ 43. Kh4 Rxh2+ 44. Nh3 Ng5 45. g4 Rxh3# 0-1

[Event "41st Olympiad Women 2014"]
[Site "Tromso NOR"]
[Date "2014.08.02"]
[Round "1.36"]
[Board "1"]
[White "Hashimoto, Azumi"]
[Black "Srebrnic, Ana"]
[Result "1/2-1/2"]
[BlackTitle "WGM"]
[WhiteElo "1712"]
[BlackElo "2251"]
[WhiteTeam "Japan"]
[BlackTeam "Slovenia"]
[WhiteFideId "7001800"]
[BlackFideId "14603314"]
[EventDate "2014.08.02"]

1. d4 d6 2. Nf3 Nf6 3. c4 g6 4. Nc3 Bg7 5. e4 O-O 6. Be2 Nbd7 7. Bg5 h6 8. Bh4
c6 9. Nd2 e5 10. d5 c5 11. O-O a6 12. a3 Qc7 13. Rc1 Nh7 14. f3 f5 15. b4 b6 16.
Nb3 f4 17. Bf2 Rf7 18. bxc5 bxc5 19. Rb1 Ndf6 20. a4 Bd7 21. Nd2 Raf8 22. Qb3
Bc8 23. Qb6 Qe7 24. Nb3 Nd7 25. Qa7 Qd8 26. a5 g5 27. Na4 Qf6 28. Nb6 Nxb6 29.
Qxb6 g4 30. fxg4 Ng5 31. Nd2 Rb7 32. Qc6 Rxb1 33. Rxb1 Qg6 34. Rb8 Nxe4 35. Bd3
Bxg4 36. Rxf8+ Bxf8 37. Bxe4 Bf5 38. Bxf5 Qxf5 39. Qxa6 e4 40. Be1 Qg4 41. Nxe4
Qd1 42. Nf6+ Kf7 43. Qb7+ Be7 44. Kf2 Qc2+ 45. Kf3 Qd3+ 46. Kf2 Qe3+ 47. Kf1
Qd3+ 48. Kf2 Qe3+ 49. Kf1 1/2-1/2

[Event "41st Olympiad Women 2014"]
[Site "Tromso NOR"]
[Date "2014.08.02"]
[Round "1.36"]
[Board "2"]
[White "Krivec, Jana"]
[Black "Hoshino, Karen"]
[Result "1-0"]
[WhiteTitle "WGM"]
[BlackTitle "WCM"]
[WhiteElo "2259"]
[BlackElo "1738"]
[WhiteTeam "Slovenia"]
[BlackTeam "Japan"]
[WhiteFideId "14601982"]
[BlackFideId "2137984"]
[EventDate "2014.08.02"]

1. e4 c5 2. Nc3 d6 3. f4 g6 4. Nf3 Bg7 5. Bb5+ Bd7 6. a4 Nc6 7. O-O e6 8. Bxc6
Bxc6 9. d4 cxd4 10. Nxd4 Qb6 11. Be3 Qd8 12. Ndb5 d5 13. exd5 exd5 14. Bc5 Bxb5
15. Re1+ Kd7 16. Qxd5+ Kc8 17. Qxd8+ Kxd8 18. Nxb5 Nh6 19. Rad1+ Kc8 20. Re7 Nf5
21. Rc7+ Kb8 22. Rdd7 b6 23. Nd6 Nxd6 24. Bxd6 Bxb2 25. Rc4# 1-0

[Event "41st Olympiad Women 2014"]
[Site "Tromso NOR"]
[Date "2014.08.02"]
[Round "1.36"]
[Board "4"]
[White "Unuk, Laura"]
[Black "Hasegawa, Emi"]
[Result "1-0"]
[WhiteTitle "WFM"]
[BlackTitle "WCM"]
[WhiteElo "2221"]
[BlackElo "1698"]
[WhiteTeam "Slovenia"]
[BlackTeam "Japan"]
[WhiteFideId "14609215"]
[BlackFideId "7000103"]
[EventDate "2014.08.02"]

1. d4 Nf6 2. Nf3 e6 3. g3 b6 4. Bg2 Bb7 5. c4 Be7 6. O-O O-O 7. Nc3 Ne4 8. Qc2
Nxc3 9. Qxc3 d5 10. Bf4 Bd6 11. Ne5 Nd7 12. cxd5 exd5 13. Nc6 Bxc6 14. Bxd6 cxd6
15. Qxc6 Nf6 16. Rac1 Qe7 17. Rc2 Qe6 18. Rfc1 Ne4 19. Bxe4 dxe4 20. d5 Qe5 21.
Qxa8 1-0

[Event "41st Olympiad Women 2014"]
[Site "Tromso NOR"]
[Date "2014.08.02"]
[Round "1.37"]
[Board "1"]
[White "Pulpan, Oana"]
[Black "Maroroa, Sue"]
[Result "0-1"]
[WhiteTitle "WFM"]
[BlackTitle "WIM"]
[WhiteElo "1846"]
[BlackElo "2120"]
[WhiteTeam "Malta"]
[BlackTeam "England"]
[WhiteFideId "5600502"]
[BlackFideId "4301498"]
[EventDate "2014.08.02"]

1. d4 Nf6 2. Nf3 g6 3. g3 Bg7 4. Bg2 O-O 5. O-O d6 6. c4 Nc6 7. Nc3 Rb8 8. e4 a6
9. b3 b5 10. Re1 e6 11. Qe2 Nd7 12. Be3 b4 13. Na4 e5 14. Rad1 exd4 15. Nxd4
Nxd4 16. Bxd4 Bxd4 17. Rxd4 Qe7 18. Qd2 Re8 19. f4 Bb7 20. c5 Nxc5 21. Nxc5 dxc5
22. Rd7 Qf6 23. Rxc7 Red8 24. Qf2 Rd4 25. Rxc5 Rbd8 26. Rc2 Rd1 27. e5 Qf5 28.
Re2 Bxg2 29. Kxg2 Qd3 30. Qf3 Qb1 31. Qf1 Rxe1 32. Qxe1 Qxe1 33. Rxe1 Rd2+ 34.
Kf3 Rxa2 35. Re2 Ra3 36. Rb2 h5 37. h3 Ra1 38. g4 h4 39. Kg2 Kf8 40. f5 gxf5 41.
gxf5 Re1 42. e6 fxe6 43. fxe6 Ke7 44. Ra2 Re3 45. Rxa6 Rxb3 46. Rb6 Rg3+ 47. Kh2
Rb3 48. Rb7+ Kxe6 49. Rh7 Rb2+ 50. Kg1 Rc2 51. Rb7 Rb2 52. Rh7 b3 53. Rb7 Kd5
54. Rb4 Kc5 55. Rxh4 Rd2 56. Rh5+ Rd5 57. Rh8 b2 58. Rc8+ Kb4 59. h4 0-1

[Event "41st Olympiad Women 2014"]
[Site "Tromso NOR"]
[Date "2014.08.02"]
[Round "1.37"]
[Board "2"]
[White "Chevannes, Sabrina L"]
[Black "Aguilar, Filipina"]
[Result "1-0"]
[WhiteTitle "WIM"]
[BlackTitle "WCM"]
[WhiteElo "2171"]
[BlackElo "1820"]
[WhiteTeam "England"]
[BlackTeam "Malta"]
[WhiteFideId "411280"]
[BlackFideId "5600464"]
[EventDate "2014.08.02"]

1. d4 Nf6 2. Nf3 g6 3. c4 d5 4. e3 Bg7 5. Nc3 O-O 6. Bd3 Bg4 7. h3 Be6 8. Ng5
Qd7 9. Nxe6 fxe6 10. O-O Nc6 11. b3 Kh8 12. f4 Rf7 13. Bb2 Raf8 14. Be2 Ne8 15.
Bg4 Nf6 16. Bf3 h5 17. g4 hxg4 18. hxg4 dxc4 19. bxc4 Na5 20. Qd3 e5 21. g5 e4
22. Nxe4 Nxe4 23. Bxe4 Qg4+ 24. Bg2 c5 25. Bc3 Nc6 26. d5 Nb4 27. Bxg7+ Kxg7 28.
Qc3+ Kg8 29. a3 Na6 30. Qd3 Kg7 31. Qd1 Qg3 32. Rf3 Qg4 33. Rh3 Qf5 34. Ra2 Rh8
35. Qa1+ Rf6 36. gxf6+ exf6 37. Rxh8 Kxh8 38. Rf2 Kg7 39. e4 Qg4 40. e5 1-0

[Event "41st Olympiad Women 2014"]
[Site "Tromso NOR"]
[Date "2014.08.02"]
[Round "1.37"]
[Board "4"]
[White "James, Ann-Marie"]
[Black "Farrugia, Jamie"]
[Result "1-0"]
[WhiteTitle "WFM"]
[BlackTitle "WCM"]
[WhiteElo "2095"]
[BlackElo "1541"]
[WhiteTeam "England"]
[BlackTeam "Malta"]
[WhiteFideId "403644"]
[BlackFideId "5600898"]
[EventDate "2014.08.02"]

1. e4 e5 2. Nf3 Nc6 3. Bb5 a6 4. Ba4 Nf6 5. d3 Bc5 6. O-O O-O 7. Bxc6 dxc6 8.
Nxe5 Qe7 9. Nf3 Bg4 10. Bg5 h6 11. Bh4 g5 12. Bg3 Nh5 13. c3 Nxg3 14. hxg3 Rad8
15. Qe2 Bd6 16. Re1 Rfe8 17. Nbd2 f5 18. Qf1 Qf6 19. Nh2 c5 20. Nxg4 fxg4 21.
Nc4 Rd7 22. Qe2 Qe6 23. Ne3 h5 24. Nf5 Rf7 25. Qd2 Qg6 26. Rad1 Qf6 27. Qc2 b6
28. Qa4 Ra8 29. Qc6 Rb8 30. a3 a5 31. Re2 Kh7 32. Ne3 Re8 33. d4 Re6 34. Qd5 Qg6
35. e5 Be7 36. Qb3 h4 37. Nxg4 hxg3 38. d5 gxf2+ 39. Nxf2 Qh5 40. dxe6 Qxe2 41.
exf7 g4 42. f8=Q Bxf8 43. Qf7+ Bg7 44. Qh5+ Bh6 45. Rd7+ Kg8 46. Qg6+ 1-0

[Event "41st Olympiad Women 2014"]
[Site "Tromso NOR"]
[Date "2014.08.02"]
[Round "1.38"]
[Board "2"]
[White "Mena, Ailen Oriana"]
[Black "Stetsko, Lanita"]
[Result "0-1"]
[BlackTitle "FM"]
[WhiteElo "1681"]
[BlackElo "2261"]
[WhiteTeam "Netherlands Antilles"]
[BlackTeam "Belarus"]
[WhiteFideId "3902773"]
[BlackFideId "13505300"]
[EventDate "2014.08.02"]

1. e4 e5 2. Nf3 Nc6 3. Bb5 a6 4. Ba4 Nf6 5. d4 exd4 6. O-O Be7 7. Re1 b5 8. Bb3
d6 9. Bd5 Nxd5 10. exd5 Ne5 11. Nxd4 O-O 12. Nc3 Bg4 13. f3 Bd7 14. Bf4 Ng6 15.
Bg3 Qb8 16. Kh1 Qb7 17. Nde2 Rae8 18. Qd2 Bf6 19. Rab1 Ne5 20. Ne4 Bd8 21. b3 f5
22. Nf2 Bf6 23. Nh3 Re7 24. Rbd1 Rfe8 25. Nef4 g6 26. Bf2 Nf7 27. Rxe7 Rxe7 28.
Re1 Ne5 29. Bd4 Kf7 30. Bc3 Qa8 31. Re2 Qe8 32. Qe1 h6 33. Ba5 Bc8 34. Bc3 Kg7
35. Qd2 g5 36. Nd3 Kg6 37. Nxe5+ dxe5 38. Bb4 Rd7 39. c4 Bb7 40. Qc2 Rd8 41.
cxb5 Qxb5 42. Qc4 Rxd5 43. Qxb5 axb5 44. Nf2 c5 45. Ba3 c4 46. Rc2 e4 47. bxc4
bxc4 48. Rxc4 e3 49. Nh3 Rd1+ 50. Ng1 e2 0-1

[Event "41st Olympiad Women 2014"]
[Site "Tromso NOR"]
[Date "2014.08.02"]
[Round "1.38"]
[Board "4"]
[White "Salim-Moussa, Seydi"]
[Black "Kaliadzich, Maryia"]
[Result "0-1"]
[WhiteTitle "WCM"]
[WhiteElo "1724"]
[BlackElo "2020"]
[WhiteTeam "Netherlands Antilles"]
[BlackTeam "Belarus"]
[WhiteFideId "7500440"]
[BlackFideId "13500015"]
[EventDate "2014.08.02"]

1. e4 c6 2. Nf3 d5 3. exd5 cxd5 4. d4 Nc6 5. Nc3 Nf6 6. Bd3 Bg4 7. Be2 e6 8. h3
Bxf3 9. Bxf3 Bd6 10. O-O Rc8 11. a3 a6 12. Re1 O-O 13. Be3 Na5 14. Ne2 Nc4 15.
Rb1 Qc7 16. Qd3 Nxe3 17. fxe3 Qxc2 18. Qxc2 Rxc2 19. Nc3 b5 20. Rec1 Rxc1+ 21.
Rxc1 Rc8 22. Kf1 h5 23. Ke2 g5 24. g4 hxg4 25. hxg4 Kg7 26. Kd3 Rh8 27. b4 Rh3
28. Be2 Nd7 29. Nd1 Nb6 30. Rc6 Nc4 31. Rxa6 Bf4 32. Kc3 Bxe3 33. Nxe3 Rxe3+ 34.
Bd3 Rg3 35. a4 bxa4 36. Rxa4 Rxd3+ 37. Kxd3 Nb2+ 38. Kc2 Nxa4 39. Kb3 Nb6 40. b5
f5 41. gxf5 exf5 42. Kc3 g4 43. Kd3 f4 44. Ke2 f3+ 45. Ke3 Kf6 46. Kf2 Kf5 47.
Ke3 Nc4+ 48. Kf2 Kf4 49. Kg1 g3 50. b6 Nxb6 51. Kh1 f2 52. Kg2 Nc4 53. Kf1 Ne3+ 0-1

[Event "41st Olympiad Women 2014"]
[Site "Tromso NOR"]
[Date "2014.08.02"]
[Round "1.39"]
[Board "1"]
[White "Caxita, Esperanca"]
[Black "Dimitrijevic, Aleksandra"]
[Result "0-1"]
[WhiteTitle "WIM"]
[BlackTitle "WFM"]
[WhiteElo "1727"]
[BlackElo "2293"]
[WhiteTeam "Angola"]
[BlackTeam "Bosnia & Herzegovina"]
[WhiteFideId "10100903"]
[BlackFideId "929239"]
[EventDate "2014.08.02"]

1. e4 c5 2. Nf3 e6 3. d4 cxd4 4. Nxd4 a6 5. Bd3 Qc7 6. Be3 Nf6 7. Nd2 b5 8. O-O
Bb7 9. h3 Nc6 10. c3 Ne5 11. Bf4 Bd6 12. Bxe5 Bxe5 13. N4f3 Bf4 14. Re1 g5 15.
e5 g4 16. exf6 gxf3 17. Nxf3 Qd8 18. Be4 d5 19. Bc2 Qxf6 20. Qd4 Qxd4 21. Nxd4
Kd7 22. g3 Bd6 23. Re3 Rac8 24. a3 h6 25. Rae1 Bc5 26. Rf3 Rhf8 27. Nb3 Be7 28.
Nd4 Bc5 29. Nb3 Bb6 30. Rf6 Ke7 31. Rf4 Rg8 32. Kh2 Rc4 33. Rf5 d4 34. Bd3 dxc3
35. Bxc4 bxc4 36. Nc5 cxb2 37. Na4 Bd4 38. Rf4 Rd8 39. Rxd4 Rxd4 40. Nxb2 Rd2
41. Nd1 Bf3 42. Ne3 Rxf2+ 43. Kg1 Ra2 44. Rc1 Bd5 45. Rc3 f5 46. Kf1 Kf6 47. h4
Ke5 48. Ke1 Kd4 49. Nd1 Rh2 0-1

[Event "41st Olympiad Women 2014"]
[Site "Tromso NOR"]
[Date "2014.08.02"]
[Round "1.39"]
[Board "2"]
[White "Boric, Elena"]
[Black "Domingos, Maria M"]
[Result "1-0"]
[WhiteTitle "WIM"]
[WhiteElo "2196"]
[BlackElo "1576"]
[WhiteTeam "Bosnia & Herzegovina"]
[BlackTeam "Angola"]
[WhiteFideId "14400839"]
[BlackFideId "10100768"]
[EventDate "2014.08.02"]

1. e4 e5 2. Nf3 Nc6 3. Bb5 Bc5 4. O-O d6 5. c3 Bg4 6. d4 exd4 7. cxd4 Bxf3 8.
gxf3 Bb4 9. Qa4 Rb8 10. Qxb4 a6 11. Bxc6+ bxc6 12. Qc4 Rb6 13. a4 Qf6 14. Ra3
Ne7 15. Kh1 d5 16. Qd3 O-O 17. Nc3 Rb4 18. Ne2 a5 19. Bd2 Rxb2 20. Bxa5 Rb7 21.
Bd2 Rfb8 22. a5 Ra7 23. Ng3 Rb5 24. e5 Qh4 25. f4 Ng6 26. Qf3 h6 27. Nf5 Qd8 28.
Rg1 Ra8 29. Nxh6+ gxh6 30. f5 Kh7 31. fxg6+ 1-0

[Event "41st Olympiad Women 2014"]
[Site "Tromso NOR"]
[Date "2014.08.02"]
[Round "1.39"]
[Board "3"]
[White "Joao, Delfina"]
[Black "Dengler, Dijana"]
[Result "1/2-1/2"]
[BlackTitle "WFM"]
[WhiteElo "1534"]
[BlackElo "2070"]
[WhiteTeam "Angola"]
[BlackTeam "Bosnia & Herzegovina"]
[WhiteFideId "10100920"]
[BlackFideId "14400081"]
[EventDate "2014.08.02"]

1. e4 e6 2. d4 d5 3. exd5 exd5 4. Bd3 Nf6 5. Bg5 Be7 6. Nf3 Bg4 7. Nbd2 h6 8.
Be3 c6 9. c3 Nbd7 10. h3 Be6 11. Qc2 Qc7 12. Nb3 b6 13. Nbd2 Nh5 14. Bf5 Bxf5
15. Qxf5 g6 16. Qd3 Nf4 17. Bxf4 Qxf4 18. Qe3 Qxe3+ 19. fxe3 f5 20. Ke2 Bf6 21.
Rae1 Kf7 22. b3 Rae8 23. Kd3 Re6 24. g4 Rhe8 25. gxf5 gxf5 26. Rhg1 Nf8 27. h4
Ng6 28. h5 Nf8 29. Re2 Nh7 30. Nf1 Ng5 31. Nxg5+ Bxg5 32. Rg3 Kf6 33. Rf3 f4 34.
a3 Kg7 35. a4 c5 36. b4 c4+ 37. Kd2 Re4 38. b5 R8e7 39. Re1 R7e6 40. Re2 Re8 41.
Re1 fxe3+ 42. Nxe3 Rh4 43. Kd1 Rxe3 44. Rexe3 Bxe3 45. Rxe3 Rxh5 46. Re7+ Kf6
47. Rxa7 Rh1+ 48. Kc2 h5 49. a5 bxa5 50. b6 Rh2+ 51. Kb1 Rh1+ 52. Ka2 Rh2+ 53.
Ka3 Rc2 54. Rxa5 Rxc3+ 55. Kb4 Rb3+ 56. Kc5 h4 57. Ra1 Kg5 58. Kxd5 Rxb6 59.
Kxc4 h3 60. Kc5 Rh6 61. d5 h2 62. Rh1 Kg4 63. d6 Kg3 64. Kc6 Kg2 65. Rxh2+ Kxh2
66. Kc7 Rxd6 67. Kxd6 1/2-1/2

[Event "41st Olympiad Women 2014"]
[Site "Tromso NOR"]
[Date "2014.08.02"]
[Round "1.39"]
[Board "4"]
[White "Jacimovic, Sara"]
[Black "Pires, Luzia"]
[Result "1-0"]
[WhiteElo "2032"]
[BlackElo "1538"]
[WhiteTeam "Bosnia & Herzegovina"]
[BlackTeam "Angola"]
[WhiteFideId "14403668"]
[BlackFideId "10101012"]
[EventDate "2014.08.02"]

1. e4 e5 2. Nf3 Nc6 3. Bb5 d6 4. d4 Bd7 5. Nc3 a6 6. Bxc6 Bxc6 7. dxe5 dxe5 8.
Qxd8+ Rxd8 9. Nxe5 Ne7 10. Be3 f6 11. Nxc6 Nxc6 12. Nd5 Bd6 13. Ke2 O-O 14. Rad1
Rfe8 15. f3 Ne5 16. b3 Nc6 17. c4 Nb4 18. c5 Nxd5 19. Rxd5 Be5 20. Rxd8 Rxd8 21.
f4 Bc3 22. Rc1 Ba5 23. c6 bxc6 24. Rxc6 Rd6 25. Rxd6 cxd6 26. Kd3 Kf7 27. f5 g6
28. Bf4 Ke7 29. Kc4 Bc7 30. Kd5 Kd7 31. fxg6 hxg6 32. h4 Bb8 33. g4 Bc7 34. h5
gxh5 35. gxh5 Ke7 36. h6 Kf7 37. Bxd6 Bxd6 38. Kxd6 Kg6 39. Ke6 1-0

[Event "41st Olympiad Women 2014"]
[Site "Tromso NOR"]
[Date "2014.08.02"]
[Round "1.40"]
[Board "1"]
[White "Hund, Barbara"]
[Black "Mwango, Lorita"]
[Result "1-0"]
[WhiteTitle "WGM"]
[BlackTitle "WFM"]
[WhiteElo "2153"]
[BlackElo "1874"]
[WhiteTeam "Switzerland"]
[BlackTeam "Zambia"]
[WhiteFideId "1301446"]
[BlackFideId "8700478"]
[EventDate "2014.08.02"]

1. e4 e6 2. d4 g6 3. Be3 Bg7 4. Nc3 Ne7 5. Qd2 d5 6. f3 Nbc6 7. O-O-O a6 8. Nge2
h5 9. h4 Na7 10. Nf4 c6 11. e5 Nf5 12. Bf2 Bh6 13. g4 hxg4 14. fxg4 Ng7 15. Be3
Qe7 16. Be2 Bxf4 17. Bxf4 b5 18. Bg5 Qf8 19. Rdf1 Rb8 20. Bd3 Qg8 21. Ne2 b4 22.
Ng3 a5 23. Bf6 Rh7 24. h5 Kd7 25. hxg6 Rxh1 26. Rxh1 Kc7 27. gxf7 Qxf7 28. Rh7
Kb6 29. Rxg7 Qf8 30. Qg5 Nb5 31. Be7 1-0

[Event "41st Olympiad Women 2014"]
[Site "Tromso NOR"]
[Date "2014.08.02"]
[Round "1.40"]
[Board "2"]
[White "Mbatha, Constance"]
[Black "Heinatz, Gundula"]
[Result "0-1"]
[BlackTitle "WIM"]
[WhiteElo "1677"]
[BlackElo "2169"]
[WhiteTeam "Zambia"]
[BlackTeam "Switzerland"]
[WhiteFideId "8700591"]
[BlackFideId "4612434"]
[EventDate "2014.08.02"]

1. d4 Nf6 2. c4 e6 3. Nc3 Bb4 4. Bd2 O-O 5. e3 d5 6. Nf3 b6 7. Rc1 Bb7 8. cxd5
exd5 9. Bd3 Nbd7 10. O-O Re8 11. a3 Bxc3 12. Bxc3 Ne4 13. Bb1 Rc8 14. Nd2 Ndf6
15. f3 Nxc3 16. Rxc3 c5 17. dxc5 bxc5 18. Re1 d4 19. exd4 Qxd4+ 20. Kh1 Rxe1+
21. Qxe1 Re8 22. Ne4 Bxe4 23. fxe4 Nxe4 24. Bxe4 Rxe4 25. Qg1 g6 26. h3 Re5 27.
Qc1 Kg7 28. Rc4 Qf2 29. Qc3 f6 30. Kh2 Re3 31. Qc1 Qg3+ 32. Kh1 Re1+ 33. Qxe1
Qxe1+ 34. Kh2 Qe5+ 0-1

[Event "41st Olympiad Women 2014"]
[Site "Tromso NOR"]
[Date "2014.08.02"]
[Round "1.40"]
[Board "4"]
[White "Saina, Yvonne"]
[Black "Stoeri, Laura"]
[Result "0-1"]
[BlackTitle "WFM"]
[WhiteElo "1752"]
[BlackElo "2123"]
[WhiteTeam "Zambia"]
[BlackTeam "Switzerland"]
[WhiteFideId "8700702"]
[BlackFideId "1304313"]
[EventDate "2014.08.02"]

1. d4 Nf6 2. c4 e6 3. Nc3 Bb4 4. Bd2 O-O 5. Nf3 c5 6. e3 cxd4 7. exd4 d5 8. cxd5
Nxd5 9. Nxd5 Bxd2+ 10. Qxd2 Qxd5 11. Be2 Nd7 12. O-O Nf6 13. Ne5 Rd8 14. Rfd1
Rb8 15. Qd3 Bd7 16. a3 Ba4 17. Rd2 Nd7 18. Nf3 Bc6 19. Rc1 Nf6 20. Qc4 Qe4 21.
Qc2 Qf4 22. g3 Qh6 23. Ne5 Bd5 24. Bf3 Bxf3 25. Nxf3 Qh5 26. Ne5 h6 27. Qd1
Qxd1+ 28. Rdxd1 Rbc8 29. Rxc8 Rxc8 30. Rd2 Kf8 31. Kf1 Ke7 32. f4 Rc7 33. Re2
Kd6 34. Ke1 Kd5 35. Nf3 Ne4 36. Kd1 f6 37. Nd2 Nxd2 38. Kxd2 Rc4 39. Kd3 Rxd4+
40. Kc3 e5 41. f5 Rc4+ 42. Kd3 e4+ 43. Ke3 Rd4 44. Kf4 Rd1 45. h3 Rf1+ 46. Kg4
Ke5 47. Rd2 Rxf5 0-1

[Event "41st Olympiad Women 2014"]
[Site "Tromso NOR"]
[Date "2014.08.02"]
[Round "1.41"]
[Board "1"]
[White "Parrado, Angelica"]
[Black "Camacho, Chardine Cheradee"]
[Result "0-1"]
[BlackTitle "WIM"]
[WhiteElo "1628"]
[BlackElo "2214"]
[WhiteTeam "Palau"]
[BlackTeam "Philippines"]
[WhiteFideId "16600215"]
[BlackFideId "5201829"]
[EventDate "2014.08.02"]

1. e4 e6 2. Nc3 d5 3. g3 d4 4. Nce2 c5 5. Nf4 Nc6 6. Bb5 Qb6 7. Bc4 Nf6 8. Qe2
Qc7 9. d3 Be7 10. Nh5 Nxh5 11. Qxh5 b5 12. Bb3 O-O 13. f4 c4 14. dxc4 Bb4+ 15.
Kf2 bxc4 16. Bxc4 Ne7 17. Bd3 f5 18. Ne2 g6 19. Qf3 Bc5 20. h4 Bb7 21. Re1 fxe4
22. Bxe4 d3+ 23. Be3 Bxe3+ 24. Qxe3 dxe2 25. Bxb7 Qxb7 26. Qxe6+ Rf7 27. b3 Nf5
28. Qxe2 Qc7 29. Qe4 Rd8 30. Rad1 Qc5+ 31. Kf3 Qc3+ 32. Rd3 Nd4+ 33. Kg4 Qc8+
34. Kg5 Rf5+ 35. Qxf5 Qxf5+ 36. Kh6 Qh5# 0-1

[Event "41st Olympiad Women 2014"]
[Site "Tromso NOR"]
[Date "2014.08.02"]
[Round "1.41"]
[Board "2"]
[White "Frayna, Janelle Mae"]
[Black "Mission, Baby Edna"]
[Result "1-0"]
[WhiteTitle "WFM"]
[WhiteElo "2205"]
[BlackElo "1546"]
[WhiteTeam "Philippines"]
[BlackTeam "Palau"]
[WhiteFideId "5212499"]
[BlackFideId "16600355"]
[EventDate "2014.08.02"]

1. d4 d6 2. Nf3 g6 3. e4 Bg7 4. Nc3 Nf6 5. h3 O-O 6. Be3 Nc6 7. Qd2 b6 8. Bh6
Nh5 9. g4 Bxh6 10. Qxh6 Ng7 11. Ng5 Re8 12. Qxh7+ Kf8 13. Qh8# 1-0